Pemikiran Islam : satu penilaian semula

Bibliographic Details
Main Author: Rashid, K. A. (Author)
Format: Book
Published: Selangor : Thinker's Library , c1988
Subjects:

MARC

LEADER 00000cam a2200000 7i4500
001 0000004578
005 20091224093000.0
008 021118n
020 |a 9676902373 
090 0 0 |a BP165   |b .R3712 
100 0 |a Rashid, K. A. ,   |e author 
245 0 0 |a Pemikiran Islam :   |b satu penilaian semula   |c K.A. Rashid   |f alihbahasa Hamidah Abdulhamid 
260 2 |a Selangor :   |b Thinker's Library ,   |c c1988 
300 |a 221 ms. ; ;   |c 22 sm. 
500 |a Terjemahan: A re-evaluation of Islamic thought 
504 |a Mengandungi bibliografi (ms. 221) 
650 0 |a Islamic philosophy 
650 0 |a Islam   |y 20th century 
999 |a 1000005634   |b Book   |c OPEN SHELF (30 DAYS)   |e Gong Badak Campus